00652nam a2200229 a 4500001001300000003000900013005001700022008004100039020001000080082001700090100002400107245001800131260003300149300000900182500003500191650002500226700002400251902000800275942000700283952011700290999001500407nice12345678IN_TiNIC20260116012201.0070619s1868 bada grp 000 0 urd  ac10000a891.51bHAL1 aHali, Altaf Hussain aHayat-E-saadi aBadaun bNo Publisher c1868 a256p aincludes index and biblioraphy aPersian Poetry-Saadi1 aHali, Altaf Hussain bSRS cBK 001040708StackRoom-aHMIbHMId2008-09-10g100.00l0o891.51 HAL1p06519r2008-09-10v100.00w2007-06-19yBK c5981d5981